10 größte Städte Schweiz - Statistiken

Allgemein
  • Dieses Quiz wurde 55 mal gespielt
  • Das Durchschnittsergebnis liegt bei 7 aus 10
Antwortstatistiken
Einwohner Antwort % Korrekt
436.000 Zürich
100%
138.000 Bern
96%
209.000 Genf
94%
178.000 Basel
92%
86.000 Luzern
78%
145.000 Lausanne
76%
79.000 St. Gallen
66%
64.000 Lugano
54%
120.000 Winterthur
54%
57.000 Biel
26%
Keine übereinstimmenden Quizze gefunden
Verteilung der Resultate
Anzahl Personen mit jedem Resultat
Perzentil nach korrekt beantworteten Fragen
Ihre Resultats-Entwicklung
Sie haben dieses Quiz noch nicht gespielt